|
|
|
|
| LEADER |
00884nam a22002417a 4500 |
| 001 |
AAL8138 |
| 003 |
BD-DhAAL |
| 005 |
20160325181808.0 |
| 008 |
160325s 2004ii ||||| |||| 001 0 eng d |
| 020 |
|
|
|a 9780143031055
|
| 040 |
|
|
|a BD-DhAAL
|c BD-DhAAL
|
| 082 |
|
|
|a 954.04/2/0924
|
| 100 |
|
|
|a Horrabin, J. F.
|9 18783
|
| 245 |
|
|
|a Jawaharlal Nehru :
|b glimpses of world history /
|h J. F. Horrabin
|
| 260 |
|
|
|a New Delhi :
|b Peguin Books,
|c 2004.
|
| 300 |
|
|
|a xxxvii, 1155 pages :
|b illustrations, map ;
|c 21 cm.
|
| 500 |
|
|
|a Includes Index
|
| 541 |
|
|
|e 8138
|
| 650 |
|
|
|a Nehru, Jawaharial,
|y 1889-1964.
|9 18784
|
| 852 |
|
|
|a Savar Campus Library
|c General Shelf
|
| 942 |
|
|
|2 ddc
|c BK
|
| 999 |
|
|
|c 37219
|d 37219
|
| 952 |
|
|
|0 0
|1 0
|2 ddc
|4 0
|6 954_040000000000000_2_0924_HOR
|7 0
|9 58511
|a SCL
|b SCL
|c GEN
|d 2016-03-25
|g 1250.00
|l 7
|m 6
|o 954.0420924 HOR
|p 3020008138
|r 2025-09-12
|s 2025-09-07
|t 1
|w 2016-03-25
|y BK
|